| 000 | 00899nam a22002537a 4500 | ||
|---|---|---|---|
| 005 | 20170124105910.0 | ||
| 010 | _aB-168504 | ||
| 020 |
_c1250.00 _a9780313321559 |
||
| 035 | _aB-168504 | ||
| 037 | _bCen Lib/Ret | ||
| 040 |
_aDPL _bEN |
||
| 082 |
_a679.5 _bPLA |
||
| 245 |
_aPlanning the Modern Public Library Buildings / _cedited by Gerard B. McCabe [and] James R. Kennedy |
||
| 260 |
_aWestport _bLibraries Unlimited _c2005 |
||
| 270 |
_a88 Post Road West _bWestport |
||
| 300 |
_axi, 280p.: _c21cm(pbk) _bill. |
||
| 490 | _aThe libraries unlimited library management collection | ||
| 500 | _aIncludes bibliographic references and index | ||
| 650 |
_aLibrary buildings _xPlanning _9112363 |
||
| 650 |
_aLibrary buildings _xDesign and Constructions _9112364 |
||
| 700 |
_aMcCabe, Gerard B. _9112365 |
||
| 700 |
_aKennedy, James R. _940357 |
||
| 942 |
_2ddc _cEN _h679.5 _mPLA |
||
| 999 |
_c122465 _d122465 |
||